000 01001cam a2200253 a 4500
001 vtls003142525
003 MY-SjTCS
005 20200226121352.0
008 110218s2005 enka 001 0 eng d
020 _a1844778061 (hbk.)
020 _a9781844778065 (hbk.)
020 _aCooking for dinner parties
039 9 _a201102181553
_bVLOAD
_c201002101620
_dshuhada
_c201002101616
_dshuhada
_c201002050931
_dmalathy
_y200905201347
_zmalathy
082 0 4 _a642.4
_bFLE
100 1 _aFleetwood, Jenni.
_916563
245 1 0 _aCooking for dinner parties :
_b200 fabulous main dish ideas /
_cJenni Fleetwood.
260 _aLondon :
_bHermes House,
_c2007.
300 _a256 p. :
_bill. ;
_c30 cm.
500 _aIncludes index.
500 _a"The complete collection of main-course dishes for special occasions, spectacular entertaining and all the times you need to impress the most, with over 800 step-by-step photographs".
650 0 _aDinners and dining.
650 0 _aCooking
920 _aTCHT : 129388
999 _c181656